Lapuan kaupunginosat ja kylät - Statistics

Yleistilastot
  • Tätä visaa on pelattu 33 kertaa
  • Keskiarvotulos 17 / 68
Vastaustilastot
Vastaus % Oikein
Keskusta
76%
Liuhtari
65%
Ruha
65%
Simpsiö
65%
Ala-Nurmo
59%
Hellanmaa
59%
Tiistenjoki
59%
Siirilä
53%
Haapakoski
47%
Lakaluoma
47%
Ritamäki
47%
Kaaranmännikkö
41%
Pouttu
41%
Saarenkangas
41%
Välilä
41%
Hirvijoki
35%
Karhunkylä
35%
Alapää
29%
Härsilä
29%
Honkimetsä
29%
Karhunmäki
29%
Kauhajärvi
29%
Kelloja
29%
Mustamaa
29%
Ritakallio
29%
Suokko
29%
Alakylä
24%
Alanko
24%
Kiviristi
24%
Länsikylä
24%
Myllykylä
24%
Ojutkangas
24%
Pitkämäki
24%
Ala-Hella
18%
Huhtala
18%
Ilkka
18%
Keisala
18%
Kiviniemi
18%
Kojola
18%
Kortesoja
18%
Koskikylä
18%
Kurunsaari
18%
Muilunkylä
18%
Ränkimäki
18%
Sippolanmäki
18%
Honkimäki
12%
Ikolanmäki
12%
Jouttikallio
12%
Keronkylä
12%
Ojala
12%
Prepula
12%
Rautakorpi
12%
Viemerö
12%
Karankylä
6%
Koskelankylä
6%
Lonki
6%
Metsäkylä
6%
Puhto
6%
Tampparinkylä
6%
Yli-Hella
6%
Ihamäki
0%
Kankaanpää
0%
Lankilankoski
0%
Lapuan Alajoki
0%
Mäki-Muilu
0%
Nyrhilänmäki
0%
Ritametsä
0%
Ruohomäki
0%
Ehtoja vastaavia visoja ei löytynyt
Tulosjakauma
Jokaisen tuloksen saaneiden osuus
Persentiili vastausten määrän mukaan
Tuloshistoriasi
Et ole pelannut tätä visaa